000 01160nmm a2200289 a 4500
003 AR-BaBNM
005 20251128203007.0
008 107019s1982 ||||||||||||||000 | spa||
020 _a950-14-0046-8
040 _cAR-BaBNM
100 1 _aRubianes, Carlos J.
245 1 0 _aManual de derecho procesal penal
_bel procedimiento penal : sumario, plenario [escrito y oral], recursos ordinarios y extraordinarios, procedimientos especiales y ejecución : Capital Federal y provincias de Buenos Aires y Córdoba
_n3
250 _a1ª ed.
260 _aBuenos Aires
_bDepalma
_c1982
300 1 _axxxiii, 566 p.
500 1 _aContiene apéndices: fallos plenarios de la Cámara Nacional de Apelaciones en lo Criminal y Correccional de la Capital Federal, fallos plenarios de la Cámara Nacional de Apelaciones en lo Penal Económico de la Capital Federal
500 0 _aIndice p. vii-xxxiii
500 0 _aIndice alfabético p. 545-566
650 4 _aDERECHO PROCESAL
650 4 _aDERECHO PENAL
650 4 _aPROCEDIMIENTO PENAL
650 4 _aJUSTICIA PENAL
650 4 _aLEGISLACION ARGENTINA
651 4 _aArgentina
942 _cBK
998 _cAndrea
999 _c1419
_d1419